| 000 | 00685 a2200241 4500 | ||
|---|---|---|---|
| 999 |
_c200129653 _d31354 |
||
| 001 | 200129653 | ||
| 003 | TR-AnTOB | ||
| 005 | 20200303124614.0 | ||
| 008 | 130603b tu 000 0 | ||
| 020 | _a09430908 | ||
| 040 |
_aTR-AnTOB _cTR-AnTOB |
||
| 041 |
_atur _aeng |
||
| 050 |
_aTH153 _bT84 2010 |
||
| 090 | _aTH153.T84 2010 | ||
| 245 | 0 |
_aTSMD2010 _bKonu//Konut =Agenda//Housing/ / _cderleyen:İlhan Kesmez, Orçun Ersan. |
|
| 264 | 1 |
_aAnkara : _bTürkiye serbest mimarlar derneği, _c2010 |
|
| 300 |
_a352 p. ; _bcol. , ill. ; _c23 cm |
||
| 650 |
_aBuilding _93291 |
||
| 700 |
_aErsan, Orçun _990180 |
||
| 700 |
_aKesmez, İlhan _990181 |
||
| 942 |
_cBK _2lcc |
||